00960cam a22003494i 4500003000900000005001700009008004100026035001900067040003300086082001700119130002600136245005500162264005500217300005200272336002100324337002500345338002300370505005600393526001000449526001000459526001000469526001000479526000800489526000800497526000800505526000800513526000800521526000800529526000800537630002600545700003900571PE-LiUPU20250731173006.0150623s1988 bl a r 000 0 por d a(Sirsi) a22078 aPE-LiUPUbspacPE-LiUPUerda04a220bF39221 aBiblia.lPortugués.10aBíblia Sagrada :btraducao na linguagem de hoje. 1aSao Paulo :bSociedade Bíblica do Brasil,c1988. apag. varia :bilustraciones ;c20 centímetros atext2rdacontent aunmediated2rdamedia avolume2rdacarrier0 aA Bíblia Sagrada : traducao na linguagem de hoje. aSEG42 aSEG41 aSEG40 aSEG39 aP94 aP87 aP86 aP85 aP77 aP76 aP35 aBiblia.lPortugués.1 aAlmeida, Joao Ferreira deeeditor.